000 00497nam a2200181Ia 4500
003 GCL
008 140319s9999 xx 000 0 ara d
040 _aGCL /
_cGCL
082 0 4 _a801.95
_bص ا
245 1 0 _aانتاج الدلاله الادبية
300 _a325 ص
490 _aكتاب
_v0
650 0 4 _aالادب - تاريخ ونقد
650 0 4 _aالادب - تاليف
650 0 4 _aامل دنقل
650 0 4 _aالادب العربى - تاريخ ونقد
942 _2ddc
_cBK
999 _c43014
_d43014